000 00444nam a2200145 i 4500
001 42760
003 ES-MaACL
007 t|
008 030313s1940 sp ||||1| spa d
100 1 _aCereceda, Feliciano.
_937480
245 1 0 _aHistoria del imperio español y de la hispanidad /
_cpor Feliciano Cereceda.
260 _aMadrid :
_b[s.n.,
_c1940] (
_fRivadeneyra)
300 _a282 p., 10 lám. ;
_c22 cm.
852 _aES-MaACL
_jB-9128
_bR.18702
999 _c42760
_d42760